[Event "43. Olimpiada Batumi 2018 Femenina"]
[Site "Batumi GEO"]
[Date "2018.10.03"]
[Round "9.3"]
[White "Hoolt, Sarah"]
[Black "Machlik, Monika"]
[Result "1-0"]
[WhiteElo "2355"]
[BlackElo "2059"]
[PlyCount "123"]
[EventDate "2018.09.24"]
[EventType "team-swiss"]
[EventRounds "11"]
[EventCountry "GEO"]
[SourceTitle "Ajedrez en Madrid"]
[Source "lmi"]
[SourceDate "2018.09.24"]
[WhiteTeam "Germany"]
[BlackTeam "Norway"]
[WhiteTeamCountry "GER"]
[BlackTeamCountry "NOR"]

1. e4 c6 2. d4 d5 3. Nc3 dxe4 4. Nxe4 Bf5 5. Ng3 Bg6 6. h4 h6 7. Nf3 Nd7 8. h5
Bh7 9. Bd3 Bxd3 10. Qxd3 e6 11. Bd2 Qc7 12. Ne4 Ngf6 13. O-O-O O-O-O 14. g3 Nc5
15. Nxc5 Bxc5 16. c4 Qe7 17. Kb1 Ng4 18. Qe2 Bd6 19. Bc3 Rhe8 20. Rh4 f5 21.
Qc2 Kb8 22. Rhh1 Bb4 23. Bxb4 Qxb4 24. Rhe1 Nf6 25. Re3 Qd6 26. Ne5 Qc7 27. c5
Re7 28. f4 Ne4 29. Ra3 Rd5 30. Rdd3 a6 31. Rab3 Re8 32. Rb6 Kc8 33. Qa4 Kd8 34.
Qb4 Kc8 35. Rb3 Re7 36. Nxc6 bxc6 37. Rb8+ Kd7 38. Rb7 Kd8 39. Rxc7 Rxc7 40.
Qb8+ Rc8 41. Qb6+ Rc7 42. Rb4 Nxg3 43. Qxa6 Nxh5 44. Rb8+ Ke7 45. Qa8 Nf6 46.
Rh8 Kf7 47. a4 Rxd4 48. a5 Rxf4 49. a6 Ra4 50. Rc8 Rd7 51. Qxc6 Rd1+ 52. Kc2
Rdd4 53. Rc7+ Kg6 54. Qxe6 Rdc4+ 55. Kb1 Rg4 56. Qf7+ Kg5 57. Qxg7+ Kf4 58.
Qxf6 Rg1+ 59. Kc2 Re4 60. Qxh6+ Kf3 61. Qh3+ Kf4 62. Qh2+ 1-0

[Event "43. Olimpiada Batumi 2018 Femenina"]
[Site "Batumi GEO"]
[Date "2018.10.03"]
[Round "9.4"]
[White "Kyrkjebo, Hanna B"]
[Black "Fuchs, Judith"]
[Result "0-1"]
[WhiteElo "1947"]
[BlackElo "2274"]
[PlyCount "160"]
[EventDate "2018.09.24"]
[EventType "team-swiss"]
[EventRounds "11"]
[EventCountry "GEO"]
[SourceTitle "Ajedrez en Madrid"]
[Source "lmi"]
[SourceDate "2018.09.24"]
[WhiteTeam "Norway"]
[BlackTeam "Germany"]
[WhiteTeamCountry "NOR"]
[BlackTeamCountry "GER"]

1. e4 c6 2. d4 d5 3. e5 c5 4. dxc5 e6 5. a3 Bxc5 6. Nf3 Ne7 7. Bd3 Ng6 8. O-O
Qc7 9. Re1 Nd7 10. b4 Be7 11. Bb2 Nb6 12. Nbd2 Bd7 13. Nb3 O-O 14. Bd4 Nc4 15.
Nbd2 a5 16. Bxc4 dxc4 17. c3 Bc6 18. Qe2 Bd5 19. Qe3 Qc6 20. Ne4 Bxe4 21. Qxe4
Qxe4 22. Rxe4 axb4 23. cxb4 b5 24. Bc3 Rfd8 25. Nd4 Rd5 26. f4 Bd8 27. Nc2 Rd3
28. Bd4 Ne7 29. Bc5 Nd5 30. g3 g5 31. Nd4 Nc3 32. Ree1 gxf4 33. gxf4 Bh4 34.
Rec1 Rd8 35. Kh1 h5 36. Rg1+ Kh7 37. Nc6 Rc8 38. Na5 Ne4 39. Nb7 Rd2 40. Rg2
Nxc5 41. Nxc5 Rcd8 42. Ne4 Rd1+ 43. Rxd1 Rxd1+ 44. Rg1 Rd3 45. Nd6 Rxa3 46.
Nxb5 Rb3 47. Nd6 Rxb4 48. Rc1 c3 49. Rxc3 Rxf4 50. Rc7 Kg6 51. Kg2 Bd8 52. Rb7
h4 53. h3 Ba5 54. Rb8 Kh7 55. Rb7 Kg7 56. Rb5 Bc3 57. Rc5 Bd4 58. Rb5 Kg6 59.
Ra5 Rf2+ 60. Kh1 Bc3 61. Rb5 Bd4 62. Ra5 Re2 63. Nc4 Re4 64. Rb5 Bc3 65. Rc5
Bd4 66. Rb5 Kg5 67. Nd6 Re1+ 68. Kg2 Re2+ 69. Kh1 Kf4 70. Rb4 Re1+ 71. Kh2 Re2+
72. Kh1 Kg3 73. Rb3+ Be3 74. Ne4+ Kxh3 75. Ng5+ Kg3 76. Ne4+ Kg4 77. Nf6+ Kh3
78. Rxe3+ Rxe3 79. Kg1 Re1+ 80. Kf2 Rxe5 0-1

[Event "43. Olimpiada Batumi 2018 Femenina"]
[Site "Batumi GEO"]
[Date "2018.10.03"]
[Round "9.1"]
[White "Richards, Heather S"]
[Black "Georgescu, Lena"]
[Result "0-1"]
[WhiteElo "2259"]
[BlackElo "2195"]
[PlyCount "86"]
[EventDate "2018.09.24"]
[EventType "team-swiss"]
[EventRounds "11"]
[EventCountry "GEO"]
[SourceTitle "Ajedrez en Madrid"]
[Source "lmi"]
[SourceDate "2018.09.24"]
[WhiteTeam "Australia"]
[BlackTeam "Switzerland"]
[WhiteTeamCountry "AUS"]
[BlackTeamCountry "SUI"]

1. e4 c5 2. c3 d5 3. exd5 Nf6 4. d4 Nxd5 5. Nf3 cxd4 6. cxd4 Nc6 7. Be2 Bg4 8.
O-O e6 9. Nc3 Be7 10. h3 Bh5 11. Ne5 Bxe2 12. Qxe2 Nxc3 13. bxc3 Nxe5 14. Qxe5
O-O 15. Rb1 b6 16. Qg3 Rc8 17. Bf4 Qd5 18. Rb3 Bf6 19. Re1 Rc4 20. Be5 Bxe5 21.
Rxe5 Qd6 22. f4 Rfc8 23. Kh2 Qc6 24. Re3 g6 25. f5 exf5 26. Re7 Ra4 27. Rb2 Qf6
28. Rbe2 Rxa2 29. Re8+ Rxe8 30. Rxe8+ Kg7 31. d5 Rc2 32. Rc8 f4 33. Qf3 Qe5 34.
Rc6 Qe3 35. Qxe3 fxe3 36. Kg3 Rd2 37. c4 b5 38. cxb5 Rxd5 39. b6 axb6 40. Rxb6
Re5 41. Rb1 h5 42. Kf4 Kf6 43. g4 g5+ 0-1

[Event "43. Olimpiada Batumi 2018 Femenina"]
[Site "Batumi GEO"]
[Date "2018.10.03"]
[Round "9.2"]
[White "Mueller-Seps, Monika"]
[Black "Ryjanova, Julia"]
[Result "1-0"]
[WhiteElo "2230"]
[BlackElo "2330"]
[PlyCount "41"]
[EventDate "2018.09.24"]
[EventType "team-swiss"]
[EventRounds "11"]
[EventCountry "GEO"]
[SourceTitle "Ajedrez en Madrid"]
[Source "lmi"]
[SourceDate "2018.09.24"]
[WhiteTeam "Switzerland"]
[BlackTeam "Australia"]
[WhiteTeamCountry "SUI"]
[BlackTeamCountry "AUS"]

1. d4 Nf6 2. Nf3 d5 3. Bf4 c5 4. e3 Nc6 5. Nbd2 Qb6 6. dxc5 Qxb2 7. Rb1 Qc3 8.
Bb5 a6 9. Bxc6+ bxc6 10. O-O Nd7 11. e4 e6 12. Rb3 Qxc5 13. Qa1 Be7 14. Qxg7
Bf6 15. Qg3 Qxc2 16. Rbb1 dxe4 17. Ne5 Bxe5 18. Bxe5 f6 19. Qg7 Rf8 20. Bd6
Qxd2 21. Qe7# 1-0

[Event "43. Olimpiada Batumi 2018 Femenina"]
[Site "Batumi GEO"]
[Date "2018.10.03"]
[Round "9.3"]
[White "Nguyen, Thu Giang"]
[Black "De Seroux, Camille"]
[Result "0-1"]
[WhiteElo "2134"]
[BlackElo "2175"]
[PlyCount "116"]
[EventDate "2018.09.24"]
[EventType "team-swiss"]
[EventRounds "11"]
[EventCountry "GEO"]
[SourceTitle "Ajedrez en Madrid"]
[Source "lmi"]
[SourceDate "2018.09.24"]
[WhiteTeam "Australia"]
[BlackTeam "Switzerland"]
[WhiteTeamCountry "AUS"]
[BlackTeamCountry "SUI"]

1. e4 c5 2. Nf3 d6 3. Bb5+ Nd7 4. O-O a6 5. Bxd7+ Bxd7 6. d4 cxd4 7. Qxd4 e5 8.
Qd3 h6 9. c4 b5 10. c5 Be6 11. cxd6 Bxd6 12. Rd1 Rc8 13. a4 Be7 14. Qxd8+ Bxd8
15. axb5 axb5 16. Nxe5 Nf6 17. Nc3 O-O 18. Nd3 Be7 19. e5 Nd7 20. Be3 b4 21.
Nb5 Bb3 22. Rd2 Ra8 23. Rxa8 Rxa8 24. f4 Ra1+ 25. Kf2 Rh1 26. Nd4 Bc4 27. Nf5
Bf8 28. Ng3 Rb1 29. Ne1 Nc5 30. Rc2 Nd3+ 31. Nxd3 Bxd3 32. Rd2 Bb5 33. Ne4 Be7
34. Ng3 Bh4 35. Bc5 g5 36. f5 g4 37. Bxb4 Rf1+ 38. Ke3 Bg5+ 39. Kd4 Bxd2 40.
Nxf1 Bxb4 41. Ne3 h5 42. Nd5 Bd2 43. Nf6+ Kf8 44. Nxh5 Bd7 45. Ng3 Bc6 46. Ne4
Bc1 47. b4 Bb2+ 48. Ke3 Bxe5 49. Nf2 Bxh2 50. Nxg4 Bg1+ 51. Kf4 Bxg2 52. Ke5
Kg7 53. Kd6 Bh3 54. f6+ Kg6 55. Ne5+ Kxf6 56. Nf3 Be3 57. b5 Bf1 58. Nh2 Bf4+
0-1

[Event "43. Olimpiada Batumi 2018 Femenina"]
[Site "Batumi GEO"]
[Date "2018.10.03"]
[Round "9.4"]
[White "Stoeri, Laura"]
[Black "Berezina, Irina"]
[Result "1-0"]
[WhiteElo "2118"]
[BlackElo "2112"]
[PlyCount "103"]
[EventDate "2018.09.24"]
[EventType "team-swiss"]
[EventRounds "11"]
[EventCountry "GEO"]
[SourceTitle "Ajedrez en Madrid"]
[Source "lmi"]
[SourceDate "2018.09.24"]
[WhiteTeam "Switzerland"]
[BlackTeam "Australia"]
[WhiteTeamCountry "SUI"]
[BlackTeamCountry "AUS"]

1. e4 d6 2. d4 Nf6 3. Nc3 g6 4. Nf3 Bg7 5. h3 O-O 6. Be3 c6 7. a4 a5 8. Be2 Na6
9. O-O Nb4 10. Nd2 d5 11. e5 Ne8 12. Nf3 f6 13. exf6 exf6 14. Nb1 Nd6 15. c3
Na6 16. Na3 Be6 17. Rc1 Re8 18. Re1 Bf7 19. Bd3 Qd7 20. Nh2 Nf5 21. Nc2 Nc7 22.
Qf3 Nxe3 23. Nxe3 Qd6 24. h4 Re6 25. h5 Rae8 26. Red1 Bh6 27. Nhg4 Bg5 28. hxg6
hxg6 29. g3 R8e7 30. Kg2 Bxe3 31. Nxe3 Ne8 32. Qg4 Re4 33. Bxe4 Rxe4 34. Qh3
Ng7 35. Rh1 Nh5 36. Qc8+ Re8 37. Qg4 Re4 38. Qf3 Qe6 39. Rce1 Be8 40. Nc2 Bd7
41. Re3 Qd6 42. Rxe4 dxe4 43. Qxe4 Bf5 44. Qe8+ Kg7 45. Ne3 Bd7 46. Qe4 b5 47.
Re1 Kf7 48. Ng4 Bxg4 49. Qxg4 f5 50. Qe2 Nf6 51. axb5 Ne4 52. Qc4+ 1-0

[Event "43. Olimpiada Batumi 2018 Femenina"]
[Site "Batumi GEO"]
[Date "2018.10.03"]
[Round "9.1"]
[White "Heredia Serrano, Carla"]
[Black "Sihite, Chelsie Monica Igne"]
[Result "0-1"]
[WhiteElo "2159"]
[BlackElo "2244"]
[PlyCount "86"]
[EventDate "2018.09.24"]
[EventType "team-swiss"]
[EventRounds "11"]
[EventCountry "GEO"]
[SourceTitle "Ajedrez en Madrid"]
[Source "lmi"]
[SourceDate "2018.09.24"]
[WhiteTeam "Ecuador"]
[BlackTeam "Indonesia"]
[WhiteTeamCountry "ECU"]
[BlackTeamCountry "INA"]

1. e4 d6 2. d4 Nf6 3. Nc3 e5 4. Nf3 Nbd7 5. Bc4 Be7 6. O-O O-O 7. a4 c6 8. a5
b5 9. axb6 Nxb6 10. Ba6 Qc7 11. Bxc8 Rfxc8 12. dxe5 dxe5 13. Qe2 Nfd7 14. Be3
Nc5 15. Ra5 Ncd7 16. Rfa1 Bb4 17. Bxb6 Nxb6 18. Rxe5 Bxc3 19. bxc3 c5 20. Ra6
g6 21. Rg5 f6 22. Rg4 Re8 23. g3 Kh8 24. Rh4 Re7 25. Ra1 a5 26. e5 a4 27. Qd3
f5 28. Qb5 Kg7 29. c4 h6 30. Ra3 g5 31. Rh3 g4 32. Rh4 gxf3 33. Qb1 Rxe5 34.
Qc1 Qc6 35. Rxf3 Rae8 36. Kg2 Re4 37. Qb2+ Kg6 38. Rxe4 Rxe4 39. Qh8 Re8 40.
Qc3 Qe4 41. g4 Nxc4 42. gxf5+ Kh7 43. Kf1 Qxf3 0-1

[Event "43. Olimpiada Batumi 2018 Femenina"]
[Site "Batumi GEO"]
[Date "2018.10.03"]
[Round "9.2"]
[White "Fisabilillah, Ummi"]
[Black "Ortiz Verdesoto, Anahi"]
[Result "1/2-1/2"]
[WhiteElo "2227"]
[BlackElo "1954"]
[PlyCount "100"]
[EventDate "2018.09.24"]
[EventType "team-swiss"]
[EventRounds "11"]
[EventCountry "GEO"]
[SourceTitle "Ajedrez en Madrid"]
[Source "lmi"]
[SourceDate "2018.09.24"]
[WhiteTeam "Indonesia"]
[BlackTeam "Ecuador"]
[WhiteTeamCountry "INA"]
[BlackTeamCountry "ECU"]

1. e4 e5 2. Nf3 Nc6 3. Bc4 Be7 4. d3 Nf6 5. Nbd2 d6 6. c3 O-O 7. Bb3 d5 8. Qe2
Re8 9. Nf1 h6 10. Ng3 Be6 11. Ba4 Bd6 12. O-O a6 13. c4 dxc4 14. dxc4 Bd7 15.
Rd1 Qe7 16. Bxc6 Bxc6 17. b3 Bc5 18. Bb2 Nd7 19. Bc3 b5 20. Nd2 g6 21. Ndf1
bxc4 22. bxc4 Nb6 23. Ne3 Bxe3 24. Qxe3 Kh7 25. Bd2 Qf8 26. Rdc1 Rad8 27. a3 f6
28. c5 Na4 29. Bb4 Rd4 30. f4 Red8 31. fxe5 fxe5 32. Rf1 Qe7 33. Qf3 R8d7 34.
Qf6 Bb5 35. c6 Qxf6 36. Rxf6 Rd1+ 37. Kf2 Rd8 38. Rxd1 Rxd1 39. Rf7+ Kg8 40.
Rxc7 Rc1 41. Rc8+ Kg7 42. c7 Bd7 43. Ra8 Rxc7 44. Rxa6 Rc2+ 45. Kf3 Bc6 46. Nf1
Rc4 47. Nd2 Rc2 48. Ke3 Nb2 49. Ra5 Rxd2 50. Bxd2 Nc4+ 1/2-1/2

[Event "43. Olimpiada Batumi 2018 Femenina"]
[Site "Batumi GEO"]
[Date "2018.10.03"]
[Round "9.3"]
[White "Romero Echeverria, Abigail"]
[Black "Nur Abidah, Shanti"]
[Result "0-1"]
[WhiteElo "2034"]
[BlackElo "2152"]
[PlyCount "32"]
[EventDate "2018.09.24"]
[EventType "team-swiss"]
[EventRounds "11"]
[EventCountry "GEO"]
[SourceTitle "Ajedrez en Madrid"]
[Source "lmi"]
[SourceDate "2018.09.24"]
[WhiteTeam "Ecuador"]
[BlackTeam "Indonesia"]
[WhiteTeamCountry "ECU"]
[BlackTeamCountry "INA"]

1. e4 d5 2. exd5 Qxd5 3. Nc3 Qa5 4. d4 Nf6 5. Bc4 c6 6. Nf3 Bf5 7. Bd2 e6 8.
Qe2 Bb4 9. O-O-O Nbd7 10. Ne5 h5 11. f3 Nxe5 12. dxe5 Nd7 13. Nb5 cxb5 14. Bxb4
Qxb4 15. Bxb5 O-O-O 16. c3 Qf4+ 0-1

[Event "43. Olimpiada Batumi 2018 Femenina"]
[Site "Batumi GEO"]
[Date "2018.10.03"]
[Round "9.4"]
[White "Edithso, Samantha"]
[Black "Sarmiento Robles, Paula"]
[Result "1-0"]
[WhiteElo "1805"]
[BlackElo "1750"]
[PlyCount "65"]
[EventDate "2018.09.24"]
[EventType "team-swiss"]
[EventRounds "11"]
[EventCountry "GEO"]
[SourceTitle "Ajedrez en Madrid"]
[Source "lmi"]
[SourceDate "2018.09.24"]
[WhiteTeam "Indonesia"]
[BlackTeam "Ecuador"]
[WhiteTeamCountry "INA"]
[BlackTeamCountry "ECU"]

1. e4 e6 2. d4 d5 3. Nc3 Nf6 4. e5 Nfd7 5. f4 c5 6. Nf3 Nc6 7. Be3 a6 8. Qd2
cxd4 9. Nxd4 Bc5 10. Be2 Nxd4 11. Bxd4 b5 12. Bf3 Bb7 13. Bxc5 Nxc5 14. O-O Qb6
15. Kh1 g6 16. a3 Rc8 17. Ne2 O-O 18. Nd4 Rfd8 19. c3 a5 20. f5 exf5 21. g4 f4
22. Qxf4 b4 23. axb4 axb4 24. Qh6 Qc7 25. Rae1 Ne4 26. e6 Rf8 27. Bxe4 dxe4 28.
Re3 Qc4 29. Rf6 Ra8 30. exf7+ Rxf7 31. Ne6 Ra1+ 32. Kg2 Bd5 33. Qg7+ 1-0

[Event "43. Olimpiada Batumi 2018 Femenina"]
[Site "Batumi GEO"]
[Date "2018.10.03"]
[Round "9.1"]
[White "Wang, Chengjia"]
[Black "Frayna, Janelle Mae"]
[Result "0-1"]
[WhiteElo "2050"]
[BlackElo "2287"]
[PlyCount "102"]
[EventDate "2018.09.24"]
[EventType "team-swiss"]
[EventRounds "11"]
[EventCountry "GEO"]
[SourceTitle "Ajedrez en Madrid"]
[Source "lmi"]
[SourceDate "2018.09.24"]
[WhiteTeam "South Korea"]
[BlackTeam "Philippines"]
[BlackTeamCountry "PHI"]

1. e4 g6 2. d4 Bg7 3. Bc4 d6 4. Nf3 Nf6 5. Qd3 c6 6. Bb3 O-O 7. O-O Qc7 8. Nh4
e5 9. f4 d5 10. f5 Nxe4 11. fxg6 hxg6 12. Nxg6 fxg6 13. Qxe4 Rxf1+ 14. Kxf1
Qf7+ 15. Qf3 Qxf3+ 16. gxf3 exd4 17. Ke2 Na6 18. c3 Bf5 19. cxd4 Bxd4 20. Nc3
Re8+ 21. Kd1 Nc5 22. Bc2 Bxc2+ 23. Kxc2 Re1 24. Rb1 Rf1 25. Bd2 Rxf3 26. b4 Ne6
27. Re1 Kf7 28. Ne2 Bf6 29. Ng3 Nd4+ 30. Kc1 Rf2 31. Rf1 Rxf1+ 32. Nxf1 Nf3 33.
Be3 d4 34. Bf2 Ke6 35. Kc2 Kd5 36. a3 Be5 37. h3 Ng5 38. h4 Ne4 39. Be1 Kc4 40.
Nd2+ Nxd2 41. Bxd2 d3+ 42. Kd1 Bf6 43. Be3 a6 44. Bc5 b5 45. Be3 Bxh4 46. Kd2
Bf6 47. Kc1 g5 48. Bc5 g4 49. Bf2 Be5 50. Kd2 g3 51. Bg1 Bd4 0-1

[Event "43. Olimpiada Batumi 2018 Femenina"]
[Site "Batumi GEO"]
[Date "2018.10.03"]
[Round "9.2"]
[White "Mendoza, Shania Mae"]
[Black "Eynula, Roza"]
[Result "1-0"]
[WhiteElo "2113"]
[BlackElo "2030"]
[PlyCount "83"]
[EventDate "2018.09.24"]
[EventType "team-swiss"]
[EventRounds "11"]
[EventCountry "GEO"]
[SourceTitle "Ajedrez en Madrid"]
[Source "lmi"]
[SourceDate "2018.09.24"]
[WhiteTeam "Philippines"]
[BlackTeam "South Korea"]
[WhiteTeamCountry "PHI"]

1. e4 e6 2. d4 d5 3. Nc3 Nf6 4. Bg5 Be7 5. e5 Nfd7 6. h4 a6 7. Qg4 Kf8 8. O-O-O
c5 9. dxc5 Nxe5 10. Qg3 Nbd7 11. Bf4 f6 12. h5 Nxc5 13. h6 Ng6 14. Nf3 Qe8 15.
Be2 Qf7 16. hxg7+ Kxg7 17. Bh6+ Kg8 18. Kb1 Bd7 19. Nh4 b5 20. Bh5 Be8 21. f3
Rd8 22. Ne2 Bd6 23. Nf4 Bxf4 24. Bxf4 Qg7 25. Be3 Na4 26. Bg4 Bf7 27. Bd4 h5
28. Bxe6 Nxh4 29. Bxf7+ Kxf7 30. Qxh4 Rd6 31. Qf4 Rc6 32. Qf5 Rhc8 33. Qxh5+
Kf8 34. Rd2 Nc5 35. Qf5 R8c7 36. Be3 Kg8 37. Rh4 Ne6 38. Rg4 Ng5 39. Bxg5 Re7
40. Be3 Rxe3 41. Rxg7+ Kxg7 42. a3 1-0

[Event "43. Olimpiada Batumi 2018 Femenina"]
[Site "Batumi GEO"]
[Date "2018.10.03"]
[Round "9.3"]
[White "Park, Sunwoo"]
[Black "San Diego, Marie Antoinette"]
[Result "1-0"]
[WhiteElo "1793"]
[BlackElo "2102"]
[PlyCount "91"]
[EventDate "2018.09.24"]
[EventType "team-swiss"]
[EventRounds "11"]
[EventCountry "GEO"]
[SourceTitle "Ajedrez en Madrid"]
[Source "lmi"]
[SourceDate "2018.09.24"]
[WhiteTeam "South Korea"]
[BlackTeam "Philippines"]
[BlackTeamCountry "PHI"]

1. e4 c5 2. Nf3 d6 3. Bb5+ Bd7 4. Bxd7+ Qxd7 5. c4 g6 6. Nc3 Bg7 7. d4 cxd4 8.
Nxd4 Nf6 9. f3 O-O 10. O-O Rc8 11. b3 d5 12. e5 Ne8 13. Nxd5 e6 14. Nc3 Bxe5
15. Nde2 Rd8 16. Bg5 f6 17. Bf4 Bxc3 18. Nxc3 Nc6 19. Ne4 Qe7 20. Qe2 Nd4 21.
Qf2 Rd7 22. Rad1 Rad8 23. Rd2 e5 24. Be3 Nc7 25. Rfd1 Nce6 26. Nc3 Qf7 27. Nd5
b5 28. f4 bxc4 29. bxc4 Nc5 30. fxe5 Rxd5 31. cxd5 Ne4 32. Qf4 Nxd2 33. Bxd4
Nc4 34. e6 Qf8 35. Bxf6 Qc5+ 36. Bd4 Qf8 37. Qe4 Qf5 38. Qxf5 gxf5 39. Bf6 Rf8
40. e7 Rc8 41. d6 Nxd6 42. Rxd6 Re8 43. Rd8 Kf7 44. Kf2 a5 45. a4 h6 46. Kf3
1-0

[Event "43. Olimpiada Batumi 2018 Femenina"]
[Site "Batumi GEO"]
[Date "2018.10.03"]
[Round "9.4"]
[White "Galas, Bernadette"]
[Black "Kim, Yubin"]
[Result "1-0"]
[WhiteElo "2080"]
[BlackElo "1671"]
[PlyCount "93"]
[EventDate "2018.09.24"]
[EventType "team-swiss"]
[EventRounds "11"]
[EventCountry "GEO"]
[SourceTitle "Ajedrez en Madrid"]
[Source "lmi"]
[SourceDate "2018.09.24"]
[WhiteTeam "Philippines"]
[BlackTeam "South Korea"]
[WhiteTeamCountry "PHI"]

1. e4 e5 2. Nc3 Nf6 3. g3 Bc5 4. Bg2 d6 5. h3 Nc6 6. Nf3 O-O 7. O-O h6 8. d3
Bb6 9. Kh2 Bd7 10. Nd2 a6 11. Nc4 Ba7 12. f4 Kh7 13. f5 g6 14. Ne3 g5 15. Ned5
Nxd5 16. exd5 Ne7 17. f6 Ng6 18. Qh5 Rg8 19. Bxg5 Qf8 20. Ne4 Rh8 21. Bd2 Kg8
22. Nc3 Bd4 23. Be4 Bxc3 24. Bxc3 Be8 25. Bd2 Kh7 26. Rae1 c6 27. c4 Rc8 28.
Bf5 Rb8 29. Re4 Kg8 30. Rg4 Rh7 31. Be4 c5 32. b3 Kh8 33. Qf5 Rd8 34. Qh5 b6
35. Bf5 a5 36. Re4 Ra8 37. a4 Rd8 38. g4 Ra8 39. g5 hxg5 40. Qxg5 Kg8 41. Rg1
Ra7 42. Rh4 Rxh4 43. Qxh4 Bd7 44. Bxg6 fxg6 45. Rxg6+ Kf7 46. Qh7+ Ke8 47. Rg8
1-0

[Event "43. Olimpiada Batumi 2018 Femenina"]
[Site "Batumi GEO"]
[Date "2018.10.03"]
[Round "9.1"]
[White "Exler, Veronika"]
[Black "Nasriddinzoda, Marvorii"]
[Result "1-0"]
[WhiteElo "2267"]
[BlackElo "2090"]
[PlyCount "63"]
[EventDate "2018.09.24"]
[EventType "team-swiss"]
[EventRounds "11"]
[EventCountry "GEO"]
[SourceTitle "Ajedrez en Madrid"]
[Source "lmi"]
[SourceDate "2018.09.24"]
[WhiteTeam "Austria"]
[BlackTeam "Tajikistan"]
[WhiteTeamCountry "AUT"]
[BlackTeamCountry "TJK"]

1. d4 Nf6 2. c4 g6 3. Nf3 Bg7 4. Nc3 O-O 5. e4 d6 6. Be2 c5 7. d5 Nbd7 8. O-O
a6 9. a4 Ne8 10. Be3 e5 11. dxe6 fxe6 12. Ng5 Qe7 13. f4 h6 14. Nf3 Kh7 15. Qc2
Nef6 16. Nh4 Qe8 17. e5 dxe5 18. Bd3 e4 19. Nxe4 Nxe4 20. Bxe4 Rf6 21. Rf3 Nf8
22. Bxc5 Kg8 23. Bxf8 Qxf8 24. Nxg6 Qc5+ 25. Kh1 Ra7 26. Rd1 b6 27. Rd8+ Bf8
28. Qc3 Raf7 29. Rg3 Qg5 30. Rxg5 hxg5 31. Nxf8 Rxf8 32. Qxf6 1-0

[Event "43. Olimpiada Batumi 2018 Femenina"]
[Site "Batumi GEO"]
[Date "2018.10.03"]
[Round "9.2"]
[White "Antonova, Nadezhda"]
[Black "Newrkla, Katharina"]
[Result "1/2-1/2"]
[WhiteElo "2038"]
[BlackElo "2204"]
[PlyCount "88"]
[EventDate "2018.09.24"]
[EventType "team-swiss"]
[EventRounds "11"]
[EventCountry "GEO"]
[SourceTitle "Ajedrez en Madrid"]
[Source "lmi"]
[SourceDate "2018.09.24"]
[WhiteTeam "Tajikistan"]
[BlackTeam "Austria"]
[WhiteTeamCountry "TJK"]
[BlackTeamCountry "AUT"]

1. d4 Nf6 2. Nf3 g6 3. Nbd2 Bg7 4. e4 d6 5. c3 O-O 6. Bd3 Nc6 7. O-O e5 8. dxe5
Nxe5 9. Nxe5 dxe5 10. Nc4 Qe7 11. Bg5 h6 12. Bh4 Qe8 13. Re1 Nh5 14. Bg3 Nxg3
15. hxg3 Be6 16. Qe2 Qe7 17. b4 h5 18. Na5 b6 19. Nc4 h4 20. g4 Rad8 21. Rad1
Qg5 22. Ne3 c6 23. b5 cxb5 24. Bxb5 Bh6 25. Bc4 Bxc4 26. Qxc4 Rc8 27. Qb3 Rfd8
28. Rxd8+ Rxd8 29. Nd5 Kg7 30. Qd1 Qd2 31. Qe2 Qxe2 32. Rxe2 Bc1 33. Kh2 Ba3
34. Kh3 g5 35. Re3 Rd6 36. Rf3 f6 37. Ne3 Rc6 38. Nd5 Kf7 39. Kh2 Be7 40. g3
hxg3+ 41. Rxg3 Bc5 42. Kg2 Rc8 43. Rf3 Rc6 44. Rh3 Kg7 1/2-1/2

[Event "43. Olimpiada Batumi 2018 Femenina"]
[Site "Batumi GEO"]
[Date "2018.10.03"]
[Round "9.3"]
[White "Froewis, Annika"]
[Black "Abrorova, Sabrina"]
[Result "1-0"]
[WhiteElo "2113"]
[BlackElo "1685"]
[PlyCount "63"]
[EventDate "2018.09.24"]
[EventType "team-swiss"]
[EventRounds "11"]
[EventCountry "GEO"]
[SourceTitle "Ajedrez en Madrid"]
[Source "lmi"]
[SourceDate "2018.09.24"]
[WhiteTeam "Austria"]
[BlackTeam "Tajikistan"]
[WhiteTeamCountry "AUT"]
[BlackTeamCountry "TJK"]

1. d4 Nf6 2. Bf4 g6 3. Nc3 Bg7 4. e4 d6 5. Qd2 O-O 6. Bh6 e5 7. Bxg7 Kxg7 8.
O-O-O exd4 9. Qxd4 Nc6 10. Qd2 Re8 11. f3 a6 12. h4 b5 13. h5 Qe7 14. Nge2 Be6
15. Kb1 Rab8 16. Nf4 b4 17. Ncd5 Bxd5 18. exd5 Nd8 19. Bxa6 Qd7 20. Bc4 Re7 21.
g4 Re8 22. Qd4 Re5 23. g5 Ne8 24. Nd3 Kg8 25. Nxe5 dxe5 26. Qxe5 Ng7 27. hxg6
hxg6 28. d6 cxd6 29. Rxd6 Qc7 30. Qh2 Kf8 31. Rxd8+ Rxd8 32. Qxc7 1-0

[Event "43. Olimpiada Batumi 2018 Femenina"]
[Site "Batumi GEO"]
[Date "2018.10.03"]
[Round "9.4"]
[White "Antonova, Lidiya"]
[Black "Trippold, Denise"]
[Result "0-1"]
[WhiteElo "1672"]
[BlackElo "2146"]
[PlyCount "66"]
[EventDate "2018.09.24"]
[EventType "team-swiss"]
[EventRounds "11"]
[EventCountry "GEO"]
[SourceTitle "Ajedrez en Madrid"]
[Source "lmi"]
[SourceDate "2018.09.24"]
[WhiteTeam "Tajikistan"]
[BlackTeam "Austria"]
[WhiteTeamCountry "TJK"]
[BlackTeamCountry "AUT"]

1. Nf3 Nf6 2. g3 b6 3. Bg2 Bb7 4. O-O c5 5. b3 g6 6. Bb2 Bg7 7. c4 O-O 8. e3
Nc6 9. d4 cxd4 10. exd4 d5 11. Nbd2 Rc8 12. a3 e6 13. Rc1 Qe7 14. Ne5 Rfd8 15.
Re1 dxc4 16. Nxc6 Bxc6 17. bxc4 Bxg2 18. Kxg2 Qb7+ 19. Qf3 Qxf3+ 20. Nxf3 Ne8
21. Re2 Nd6 22. Rec2 Bh6 23. Ne5 Bxc1 24. Rxc1 Nf5 25. Nf3 Rc7 26. c5 Rdc8 27.
Ne5 bxc5 28. dxc5 Rxc5 29. Rb1 Rb5 30. Nd7 Rc2 31. Nf6+ Kh8 32. Rd1 Rbxb2 33.
Rd8+ Kg7 0-1

[Event "43. Olimpiada Batumi 2018 Femenina"]
[Site "Batumi GEO"]
[Date "2018.10.03"]
[Round "9.1"]
[White "de Leon, Patricia"]
[Black "Narva, Mai"]
[Result "0-1"]
[WhiteElo "1929"]
[BlackElo "2320"]
[PlyCount "110"]
[EventDate "2018.09.24"]
[EventType "team-swiss"]
[EventRounds "11"]
[EventCountry "GEO"]
[SourceTitle "Ajedrez en Madrid"]
[Source "lmi"]
[SourceDate "2018.09.24"]
[WhiteTeam "Uruguay"]
[BlackTeam "Estonia"]
[WhiteTeamCountry "URU"]
[BlackTeamCountry "EST"]

1. d4 Nf6 2. c4 e6 3. Nc3 d5 4. Bg5 Be7 5. cxd5 exd5 6. e3 Nbd7 7. Bd3 Nf8 8.
Qc2 Ng6 9. Nge2 c6 10. f3 Be6 11. Nf4 Nxf4 12. Bxf4 h6 13. Bg3 O-O 14. O-O Rc8
15. Bf2 Bd6 16. Kh1 Bc7 17. Rad1 Kh8 18. Bg1 Nh5 19. Qf2 f5 20. Ne2 f4 21. exf4
Nxf4 22. Nxf4 Rxf4 23. g3 Rf6 24. Qe3 Bh3 25. Rfe1 Qf8 26. f4 Ba5 27. Qe7 Bg4
28. Qxf8+ Rfxf8 29. Kg2 Bxe1 30. Rxe1 Rce8 31. Re5 b6 32. h3 Rxe5 33. dxe5 Bf5
34. Bxf5 Rxf5 35. b4 g5 36. Kf3 gxf4 37. gxf4 h5 38. a4 Kg7 39. Bd4 Kf7 40. a5
bxa5 41. bxa5 a6 42. Bb6 Ke6 43. Bd4 Rf7 44. Bc5 Kf5 45. Bd4 Rb7 46. Bb6 c5 47.
Bxc5 Rb5 48. Bb6 Rb3+ 49. Kg2 Kxf4 50. Bc7 Rb2+ 51. Kf1 d4 52. Ke1 Ke3 53. Kd1
Kd3 54. Ke1 Rh2 55. e6 Re2+ 0-1